| 000 | 00418 a2200169 4500 | ||
|---|---|---|---|
| 001 | 194590 | ||
| 020 | _a978-85-286-1428-2 | ||
| 040 | _cMagnum | ||
| 100 | _aGoudge, Eileen | ||
| 240 | 1 | 0 |
_aSonho de uma vida 3 - Amores possÃveis _lpor |
| 245 | 1 | 0 | _aSonho de uma vida 3 - Amores possÃveis |
| 300 | _a448 | ||
| 362 | 0 | _a2010 | |
| 440 | 1 | _aBertrand Brasil | |
| 697 | _aLITERATURA GERAL ESTRANGEIRA | ||
| 942 | _cBK | ||
| 999 |
_c194590 _d194590 |
||